00329nam a2200121Ia 4500008004100000041000800041082001500049100001700064245004500081260003300126300003500159365001300194240624s9999 xx 000 0 und d aeng a005.36 BUC aBUCKI LISA A aMICROSOFT OFFICE 2013 BIBLE THE COMPREHE c2013aNew DelhibWiley India axxviii, : 1479 : p. : cm. ; 23 cRSb27.5